00886cam a22002773a 45000010005000000030006000050050017000110080041000280400015000690420007000840500007000911000030000982450066001282600029001945050078002235060030003015160020003316530010003516530052003616530036004136530036004496530036004856530018005218300028005398560041005673673PGUSA20140828083036.0030101s2003||||xxu|||||s|||||000 | eng d aPGUSAbeng adc 4aPS1 aIves, Charles,d1874-195410aEssays Before a Sonatah[electronic resource] /cCharles Ives bProject Gutenberg,c20030 aPrologue -- Emerson -- Hawthorne -- "The Alcotts" -- Thoreau -- Epilogue. aPublic domain in the USA. aElectronic text aMusic aIves, Charles, 1874-1954. Sonatas, piano, no. 2 aEmerson, Ralph Waldo, 1803-1882 aThoreau, Henry David, 1817-1862 aHawthorne, Nathaniel, 1804-1864 aAlcott family 0aProject Gutenbergv367340uhttp://www.gutenberg.org/ebooks/3673